Unheated greenhouse: How to maximise its potential. (Record no. 35923)
[ view plain ]
| 000 -LEADER | |
|---|---|
| fixed length control field | 00332nam a2200121Ia 4500 |
| 082 ## - DEWEY DECIMAL CLASSIFICATION NUMBER | |
| Classification number | 635.9 |
| Item number | MEN |
| 100 ## - MAIN ENTRY--AUTHOR NAME | |
| Personal name | MENAGE, Ronald H |
| 245 #0 - TITLE STATEMENT | |
| Title | Unheated greenhouse: How to maximise its potential. |
| 260 ## - PUBLICATION, DISTRIBUTION, ETC. (IMPRINT) | |
| Place of publication | Wellingborough |
| Name of publisher | Thorson Pub |
| Year of publication | 1978 |
| 650 ## - SUBJECT ADDED ENTRY--TOPICAL TERM | |
| Topical Term | Greenhouse |
| 942 ## - ADDED ENTRY ELEMENTS (KOHA) | |
| Koha item type | Books |
| Withdrawn status | Lost status | Damaged status | Not for loan | Home library | Current library | Date acquired | Full call number | Accession Number | Koha item type |
|---|---|---|---|---|---|---|---|---|---|
| RRII Library | RRII Library | 16/12/2021 | 635.9 MEN | 16342 | Books |